[Event "Rubinstein Memorial 36th"]
[Site "Polanica Zdroj"]
[Date "1999.08.23"]
[Round "7"]
[White "Gurevich, Mikhail"]
[Black "Khenkin, Igor"]
[Result "1/2-1/2"]
[WhiteElo "2643"]
[BlackElo "2633"]
[Annotator "Gurevich,M"]
[PlyCount "85"]
[EventDate "1999.08.17"]
[EventType "tourn"]
[EventRounds "9"]
[EventCountry "POL"]
[EventCategory "15"]
[SourceTitle "CBM 073"]
[Source "ChessBase"]
[SourceDate "1999.12.01"]
[SourceVersion "1"]
[SourceVersionDate "1999.12.01"]
[SourceQuality "1"]

1. d4 {. Konikowski} d5 2. c4 e6 3. Nc3 c6 4. e4 dxe4 5. Nxe4 Bb4+ 6. Nc3 c5 7.
a3 Ba5 8. Nf3 Nf6 9. Be2 (9. Be3 cxd4 10. Nxd4 Ne4 11. b4 Nxc3 12. Qc2 Bc7 13.
Qxc3 Be5 $13 {1/2-1/2 Gulko,B-Polgar,Z/Aruba (2) 1992/CBM 30 (28)}) 9... Nc6 $5
{TN} (9... Ne4 {Konikowski} 10. Bd2 Nxd2 11. Qxd2 cxd4 12. Nxd4 e5 13. Nb3
Qxd2+ 14. Kxd2 Bd8 15. Bf3 Nd7 $13 {1-0 Konikowski,J-Meyer,P/BL2-W 1995/CBM 47/
[Konikowski] (45)}) 10. dxc5 Qxd1+ 11. Bxd1 (11. Kxd1 Bxc3 12. bxc3 Ne4 13. Kc2
Nxf2 (13... Nxc5 14. Be3 b6 15. Bxc5 bxc5 16. Rab1 $36) 14. Rf1 Ne4 15. Be3 e5
$13) 11... Ne4 12. Bd2 Bxc3 13. Bxc3 (13. bxc3 $5 {(/\14.Be3)} Nxc5 (13... Nxd2
14. Nxd2 Ke7 15. Bf3 $36) 14. Be3 Nd3+ (14... Ne4 15. Bc2 $36) 15. Kd2 Nb2 16.
Be2 Na5 17. Ne5 $1 f6 18. Rab1 $14) 13... Nxc3 14. bxc3 Na5 $5 15. Rb1 $5 Ke7
$1 (15... Nxc4 16. Be2 Na5 (16... Nxa3 17. Rb3 Nc2+ 18. Kd2 $18) 17. Nd4 $36)
16. Rb5 $6 (16. Ne5 $1 f6 17. Rb5 Nc6 18. Nxc6+ bxc6 19. Rb4 $14 {/\20.Bf3,
21Ke2}) 16... Nxc4 17. Be2 a6 18. Rb4 Na5 (18... Nxa3 $5 19. O-O (19. Ra4 Nb1
$17) (19. Rb3 Nb5) 19... Nb5 20. Bxb5 axb5 21. Rxb5 Ra3 22. Rc1 Rd8 23. Nd4 Rd5
24. c6 $11) 19. Ne5 f6 20. Nc4 Nxc4 21. Bxc4 Ra7 {[/\Bc8-d7-c6]} 22. Kd2 $1
Rd8+ (22... Bd7 23. Re1 $14) 23. Kc2 Rd7 {[/\Rd7-c7-c5]} (23... e5 $5 24. Rd1 (
24. Bd3 Rd5 25. Bxh7 Rxc5 $11) 24... Bf5+ $132) 24. Re1 Rc7 25. f4 $5 (25. Rb6
e5 26. Bd3 Rxc5 27. Bxh7 $11) 25... Rxc5 26. Bxe6 Bxe6 27. Rbe4 Rc6 (27... b5
28. Rxe6+ Kf7 29. R1e3 a5 30. Rb6 $11) 28. f5 Ra8 29. Rxe6+ Rxe6 30. Rxe6+ Kd7
$11 31. Kd3 Rc8 (31... Re8 $6 32. Rxe8 Kxe8 33. Kd4 $14) 32. Kd4 Rc6 33. Re3
Rd6+ 34. Kc5 Rc6+ 35. Kb4 Rb6+ 36. Kc4 Rc6+ 37. Kb4 Rb6+ 38. Kc4 Rc6+ 39. Kd3
Rd6+ 40. Kc2 Kc6 41. Kb3 Rd5 42. Rg3 Rb5+ 43. Kc4 1/2-1/2

[Event "Rubinstein Memorial 36th"]
[Site "Polanica Zdroj"]
[Date "1999.08.18"]
[Round "2"]
[White "Rustemov, Alexander"]
[Black "Gurevich, Mikhail"]
[Result "1/2-1/2"]
[WhiteElo "2573"]
[BlackElo "2643"]
[Annotator "Gurevich,M"]
[PlyCount "96"]
[EventDate "1999.08.17"]
[EventType "tourn"]
[EventRounds "9"]
[EventCountry "POL"]
[EventCategory "15"]
[SourceTitle "CBM 073"]
[Source "ChessBase"]
[SourceDate "1999.12.01"]
[SourceVersion "1"]
[SourceVersionDate "1999.12.01"]
[SourceQuality "1"]

1. d4 d5 2. c4 c6 3. Nc3 Nf6 4. e3 e6 5. Qc2 Nbd7 6. Bd2 c5 {TN} (6... Be7 7.
Nf3 O-O 8. Bd3 a6 9. e4 dxe4 10. Nxe4 Nxe4 11. Bxe4 Nf6 12. Bd3 c5 13. dxc5
Bxc5 14. O-O $14 {1/2-1/2 Kiriakov,P-Shabanov,Y/Maikop 1998/CBM 66 (27)}) (6...
b6 7. cxd5 exd5 8. Bd3 Bb7 9. Nf3 Be7 10. O-O O-O 11. Ne5 c5 $132 {1/2-1/2
Landa,K-Dreev,A/Samara 1998/CBM 67 noVC (48)}) 7. Nf3 a6 8. cxd5 exd5 9. g3 $1
Bd6 10. Bg2 O-O 11. O-O Re8 12. Rfd1 $14 cxd4 (12... c4 13. e4 $5 (13. a4 $5)
13... Nxe4 14. Nxe4 dxe4 15. Ng5 $36) 13. Nxd4 Nb6 14. Nce2 (14. Rac1 Bg4 $132)
14... Nc4 15. b3 $6 (15. Bc3 Ne4 16. b3 Na3 17. Qb2 $14) 15... Nxd2 16. Qxd2
Bg4 17. Nf3 (17. h3 $5 Bh5 (17... Bxe2 18. Nxe2 Be5 19. Rac1 $14) 18. Nf5 (18.
Rac1 Ba3 $132) 18... Be5 19. Rac1 $14) 17... Ne4 $5 18. Qb2 (18. Qxd5 $5 Qe7 {
(/\19...Nxf2, 19...Rad8<=>)} (18... Qf6 19. Qd4 Qh6 $13) 19. Qd3 Rad8 20. Ned4
$14) 18... Bxf3 19. Bxf3 Be5 20. Nd4 Qf6 $132 21. Bg2 Rac8 22. Rd3 $6 (22. Rac1
$11) 22... h5 $1 {[/\23...h4|^>>]} 23. Rf1 h4 $15 24. Qb1 Nc3 $1 25. Qe1 (25.
Qb2 Bxd4 26. exd4 (26. Rxd4 Ne2+ 27. Qxe2 Qxd4 $17) 26... Re2 $17 27. Rd2 (27.
Qc1 Rxf2 $1 28. Rxf2 (28. Rxc3 Rxf1+ 29. Bxf1 Qxd4+ $19) 28... Ne2+ $19) 27...
Nd1 $3 $19) 25... Bxd4 26. Rxd4 {[#]} Ne2+ $1 27. Qxe2 Qxd4 $17 28. Rd1 Qf6 29.
Bxd5 Rc7 30. e4 g6 31. Kg2 Kg7 32. Rd3 Rh8 33. g4 Qe5 $138 (33... h3+ $1 34.
Rxh3 Rxh3 35. Kxh3 Rc2 $3 36. Qxc2 Qf3+ 37. Kh4 g5+ 38. Kxg5 (38. Kh5 Qh3+ 39.
Kxg5 Qh6+ 40. Kf5 Qf6#) 38... Qf6+ 39. Kh5 Qh6#) 34. h3 b5 35. Rf3 Re8 (35...
Rd8 $142) 36. Qd2 Ree7 (36... f6 $17) 37. g5 $1 {[/\38.Rf6, 39.f4<=>]} Re8 $2 (
37... b4 38. Rf6 Rc2 $17) 38. Rf6 Rh8 39. Rxa6 (39. f4 Qa1 40. f5 (40. e5 Rd8
$15) 40... Qe5 $15) 39... Rh5 $2 (39... Rd8 $13) 40. f4 Qa1 41. a4 $1 Rc3 $1
$132 42. Qd4+ Kh7 43. Qf2 Rg3+ 44. Kh2 Qc3 45. Rf6 Rxh3+ 46. Kg2 Rg3+ 47. Kh2
Rh3+ 48. Kg2 Rg3+ $11 1/2-1/2

[Event "Pardubice op-A"]
[Site "Pardubice"]
[Date "2005.07.29"]
[Round "8"]
[White "Fridman, Daniel"]
[Black "Moroz, Alexander"]
[Result "1/2-1/2"]
[WhiteElo "2566"]
[BlackElo "2487"]
[Annotator "Gutman,L"]
[PlyCount "61"]
[EventDate "2005.07.22"]
[EventType "swiss"]
[EventRounds "9"]
[EventCountry "CZE"]
[SourceTitle "CBM 107 Extra"]
[Source "ChessBase"]
[SourceDate "2005.09.01"]
[SourceVersion "1"]
[SourceVersionDate "2005.09.01"]
[SourceQuality "1"]

1. d4 d5 2. c4 e6 3. Nc3 c6 4. e4 dxe4 5. Nxe4 Bb4+ 6. Bd2 Qxd4 7. Bxb4 Qxe4+
8. Be2 Ne7 9. Qd2 Ng6 10. Nh3 f6 11. O-O-O Kf7 12. g4 (12. f3 $5 Qh4 13. Bc5 {
Khalifman-Filippov, Kazan 1995}) 12... c5 $5 13. Bxc5 Nd7 (13... b6 14. Bd6 Ba6
15. f3 Qc6 16. b3 Rd8 17. Bd3) 14. Ba3 Re8 15. Rhe1 Nde5 16. f3 Qc6 17. Qc3 (
17. Qd6 $5 Kg8 18. g5 $14 {war vorzuziehen.}) 17... Kg8 18. Kb1 Nf7 19. b3 Qc7
20. Bd3 b5 21. Rc1 Bb7 22. cxb5 Qxh2 23. Ng1 $6 ({Vorsichtiger war} 23. Bxg6
hxg6 24. Ng1 Bd5 25. Qe3 $11) 23... Nge5 24. Qc7 Rac8 (24... Bd5 $5 25. Be2 Qg2
$15 {sieht gut für Schwarz aus.}) 25. Qxb7 Rxc1+ 26. Rxc1 Nxd3 27. Rd1 Nfe5 28.
Qe4 Nf2 (28... Qf2 $5 29. Qe2 Qb6 {bietet mehr.}) 29. Qe2 Qg3 30. Rf1 Nfd3 31.
Rd1 1/2-1/2

[Event "Czerniak Memorial 12th"]
[Site "Tel Aviv"]
[Date "1996.??.??"]
[Round "11"]
[White "Shabtai, Ran"]
[Black "Kaspi, Alexander"]
[Result "0-1"]
[WhiteElo "2340"]
[BlackElo "2475"]
[Annotator "Har Zvi,R"]
[PlyCount "58"]
[EventDate "1996.04.??"]
[EventType "tourn"]
[EventRounds "11"]
[EventCountry "ISR"]
[EventCategory "9"]
[SourceTitle "CBM 053"]
[Source "ChessBase"]
[SourceDate "1996.08.01"]
[SourceVersion "1"]
[SourceVersionDate "1996.08.01"]
[SourceQuality "1"]

1. d4 {Bykhovsky,Av Ftacnik} d5 2. Nf3 c6 3. c4 e6 4. Nc3 dxc4 5. a4 Bb4 6. e3
b5 7. Bd2 a5 8. axb5 Bxc3 9. Bxc3 cxb5 10. b3 Bb7 11. d5 (11. bxc4 b4 12. Bb2
Nf6 13. Bd3 O-O $2 (13... Nbd7 14. O-O Qc7 $1 {so to meet 15.Nd2 with e5 when
black is OK}) 14. O-O Nbd7 15. Nd2 $1 Qc7 16. f4 $14 {+/- Har,Zvi,R-Kanstler,B
Tel Aviv,Czerniak (09) 0-1 46}) 11... Nf6 12. bxc4 b4 13. Bxf6 Qxf6 (13... gxf6
$5 {Bykhovsky,Av}) 14. Qa4+ Nd7 15. Nd4 e5 (15... exd5 $2 16. c5) 16. Nb3 Ke7 (
16... e4 17. Nd4 Ke7 18. Be2 Qb6 19. d6+ Kd8 20. Qb5 Qxb5 21. cxb5 Nc5 22. Nc6+
Kd7 23. Nxa5 Bd5 24. O-O b3 {0-1 Fish,G-Burmakin,V/Kobanya op (08)/1992/ (30)})
17. Qb5 (17. Be2 Qd6 (17... Qb6 $2 18. Bg4 (18. Bg4 Nf6 19. c5 Qa7 20. d6+ Kf8
21. Bf3 e4 22. Be2 Bd5 23. c6 Bxb3 24. Qxb3 Qc5 25. Qc4 Qxd6 26. c7 Rc8 27. Rc1
Ne8 {0-1 Maurer,F-Mukhametov,E/Bern op (02)/1995/ (40)})) (17... Rhc8 18. Rd1 (
18. Bg4 Qd6 19. Nxa5 Rxa5 20. Qxa5 Ra8 21. Qxa8 Bxa8 22. Rxa8 Qg6 23. Bxd7 Qb1+
24. Ke2 Qxh1 25. Ra7 $13 {Shulman,Y-Ivanov,VI Moscow 1995 1-2/1-2 61}) 18...
Nc5 19. Nxc5 Rxc5 20. O-O Ra6 21. Qc2 a4 22. f4 b3 23. Qe4 Kd6 24. Qxh7 e4 25.
Qxe4 a3 26. Qd3 b2 27. Qb3 Bc8 28. Qb8+ Kd7 29. Bg4+ Kd8 30. d6 a2 31. d7 {
1-0 Gelfand,B-Piket,J Amsterdam Euwe-mem 1996}) (17... Rhb8 18. Bg4 Bc8 19. O-O
Nb6 20. Qb5 Bxg4 21. Nxa5 Nd7 22. Nc6+ Kf8 23. Rxa8 Rxa8 24. Qb7 Re8 25. f3 Qg5
26. fxg4 Qxe3+ 27. Kh1 Nf6 28. Qxb4+ Kg8 {0-1 Shulman,Y-Tregubov,P/Gausdal Int
(06)/1994/ (48)}) 18. Bg4 $2 (18. Qb5 Ba6 19. Qc6 Qxc6 20. dxc6 Nb6 21. Rxa5 (
21. c5) 21... Bxc4 22. Bxc4 Nxc4 23. Rc5 Ra3 $10 {Krasenkov}) (18. f4 $5 Rhc8
19. O-O Nc5 20. Nxc5 Rxc5 21. Rad1 $1 (21. Qc2 $2 Qxd5 $1) 21... e4 22. Qa1 Kf8
23. Qe5 $1 Qxe5 24. fxe5 Kg8 25. Rf4 $16 {/+- Shulman,Y-San Segundo,P Pamplona
1995 1-0 50} (25. Rf4 b3 26. Rdf1 {1-0 Shulman,Y-San Segundo,P/Pamplona 9596 
(05)/1996/ (50)})) (18. O-O {Ftacnik} Nc5 19. Nxc5 Qxc5 20. Rfd1 Kd6 {/\ Bc8-d7
}) 18... Nb6 $1 19. c5 (19. Qb5 Ba6) 19... Qxd5 20. cxb6 Bc6 $1 21. Qa2 (21.
Bf3 e4) 21... Qxg2 $17 {Rogers,I-Krasenkov,M Hastings 1993 59/428 [ Krasenkov,
M ] 0-1 28} (21... Qxg2 22. Rf1 Qxg4 23. Nxa5 (23. Qc2 {Ftacnik} Rhc8) 23...
Bb5 24. Qb2 Qe4 $1 $19 {0-1 Rogers,I-Krasenkov,M/Hastings/1993/ (28)})) (17.
Nxa5 {Ftacnik} Qb6 $17) 17... Ba6 (17... Rhb8 18. Rxa5 $10 {Ionov,S-Khavsky,S/
USSR/1984/}) 18. Qxa5 Rhb8 19. d6+ Ke8 (19... Qxd6 $2 20. c5 $1 Qd5 21. Bxa6
Qxb3 22. O-O Qe6 23. Qc7 Rxa6 $2 (23... Kf8) 24. Rxa6 Qxa6 25. Rd1 Qc8 (25...
Rd8 26. c6) 26. Rxd7+ Qxd7 27. Qxe5+ $16 {Baginskaite,K-Ruchieva,N Erevan
URS-ch 1985 1-0 35} (27. Qxe5+ {Ftacnik} Qe6 28. Qxb8 {1-0 Baginskaite,
K-Ruchieva,N/URS-ch/1985/ (35)})) 20. Nc5 (20. Be2 $2 Bb7 $19 (20... Bb7 {
Ftacnik} 21. Qc7 Rxa1+ 22. Nxa1 Bxg2 23. Rg1 e4 24. Nb3 Qc3+ 25. Nd2 Bf3 26.
Bd1 Bxd1 27. Kxd1 Ra8 $19 {Ionov,S-Moroz,A/URS/1984/})) (20. Qd5 Bb7 21. Qd2
Rxa1+ 22. Nxa1 Nc5 23. d7+ (23. Qxb4 Qxd6 $19) 23... Kd8 $1 24. Qxb4 Qd6 25.
Qd2 Qa6 $1 26. Qb2 (26. Nc2 Be4 $19) 26... Qa5+ {0-1 Serebrjanik,A-Maximenko,A
Vrnjacka Banja 1991} (26... Qa5+ 27. Ke2 Bf3+)) 20... Nxc5 21. Qxc5 e4 22. Rd1
$2 (22. Qc6+ Kf8 23. Rxa6 Rxa6 24. Qxa6 b3 $1 (24... Qc3+ $6 25. Kd1 b3 26. d7
$1 Rd8 27. Qd6+ Kg8 28. Qe7 $1 $13) 25. f3 $8 (25. Qa7 {Ftacnik} Qc3+ (25...
Qxd6 26. c5 b2 27. cxd6 b1=Q+ 28. Kd2 $13) 26. Kd1 Qc2+ 27. Ke1 Qc1+ 28. Ke2
Qxc4+ 29. Kd1 Qc2+ 30. Ke1 Rc8 $19) 25... b2 26. Bd3 Qc3+ (26... exd3 27. Kd2)
27. Kf2 Qxd3 28. d7 $8 Qxd7 29. Rb1 Kg8 $3 $17 {/-+ with the idea h6}) (22. Qd4
{Ftacnik} Qxd4 23. exd4 Bxc4 $1 $17) (22. Rc1 {Ftacnik} b3 23. Qc6+ Kf8 24.
Qxe4 Qxd6 $40) 22... Qc3+ $1 23. Rd2 Bb5 $3 $19 {the key move opening the "a"
file for the attack while defending the d7 square white is losing immediately}
24. Be2 (24. d7+ {Ftacnik} Bxd7 25. Qd4 Ra1+ 26. Ke2 Be6 27. Qxe4 Qxc4+ 28. Kf3
Qxe4+ 29. Kxe4 Bc4 $19) 24... b3 $1 (24... Ra1+ 25. Bd1 Rxd1+ $2 26. Kxd1 Qa1+
27. Ke2 Qxh1 28. cxb5 $18) 25. Qd5 (25. Qd4 {Ftacnik} Ra1+ 26. Bd1 Qxd4 27.
exd4 Bxc4 28. Rb2 Ra2 $19) 25... Ra1+ 26. Bd1 Bxc4 27. d7+ (27. Qxe4+ Kf8 (
27... Kf8 {Ftacnik} 28. Qd4 (28. Qe7+ Kg8 29. d7 Rxd1+ 30. Kxd1 Qa1#) 28...
Qxd4 29. Rxd4 b2 $19)) 27... Kd8 28. Qg5+ (28. Qd4 {Ftacnik} Qxd4 29. Rxd4 b2
$19) 28... f6 29. Qxg7 (29. Qg4 {Ftacnik} Ra2 $19) 29... Rxd1+ (29... Rxd1+ 30.
Kxd1 Qa1#) 0-1

[Event "Women-Veterans"]
[Site "London"]
[Date "1996.??.??"]
[Round "1"]
[White "Hort, Vlastimil"]
[Black "Ioseliani, Nana"]
[Result "1-0"]
[WhiteElo "2545"]
[BlackElo "2500"]
[Annotator "Har Zvi,R"]
[PlyCount "55"]
[EventDate "1996.08.15"]
[EventType "schev"]
[EventRounds "5"]
[EventCountry "ENG"]
[SourceTitle "CBM 055"]
[Source "ChessBase"]
[SourceDate "1996.12.01"]
[SourceVersion "1"]
[SourceVersionDate "1996.12.01"]
[SourceQuality "1"]

1. c4 {Petursson} e6 2. d4 d5 3. Nc3 c6 4. e4 dxe4 5. Nxe4 Bb4+ 6. Bd2 Bxd2+ 7.
Qxd2 Nf6 8. Nxf6+ (8. Nc3 O-O 9. Nf3 Nbd7 10. Be2 b6 11. O-O Qc7 12. Rfe1 Bb7
13. Rad1 Rad8 14. b4 $14 {Pflger,H-Wiemer,R BL 8384}) 8... Qxf6 9. Nf3 O-O 10.
O-O-O $5 {white's plays the aggressive way,opposite castles which means each
side is going to attack the opponent king} (10. Be2 c5 11. dxc5 Rd8 12. Qe3
Qxb2 13. O-O Bd7 14. Rab1 Qxa2 15. Rxb7 Qa6 16. Rfb1 Be8 17. Ng5 Nd7 18. Ne4
$36 {Boleslavsky,I-Kotov,A Budapest ct 1950}) 10... c5 11. dxc5 Na6 12. Qe3 Qe7
13. Bd3 Nxc5 14. Bc2 f6 15. Rd5 $5 Na6 (15... b6 $2 16. Rxc5 $1 Qxc5 (16...
bxc5 17. Qe4 Bd7 18. Qxh7+ Kf7 19. Bg6#) 17. Qe4 Ba6 18. Qxh7+ Kf7 19. Bg6+ Ke7
20. Qxg7+ Kd8 21. b3 $16 {/+- when this position is enough to stop the analyse}
) 16. Rh5 g6 17. Rh6 {a very nice a creative idea white had transfered his
rook form d1 to h6! where as we will see he will be able to cause black many
problems} Rf7 18. Rd1 Bd7 19. Bxg6 $6 {white has to do something since the
rook on h6 in only for attack and indeed white won very quickly but aswe will
see thanks to his opponent great help!} hxg6 20. Nh4 (20. Rxg6+ Rg7) 20... Qc5
$4 {simply losing immediately with no chances,but to find black only move
should not be a big problem since white wants to take on g6 then play Rh8,so
black must stop this Rh8 by of course the obvious Rh7} (20... Rh7 $8 {and I
can not find a way for white to develop his attack any further, if 21.Nxg6 the
simply 21...Qg7 and if 21.Rxg6 than 21...Kh8 22.Rg4 Be8,of course white has
somecompensation but maybe not enough for the piece}) (20... g5 {Petursson} 21.
Ng6 Qb4 22. Qh3 Qxc4+ 23. Kb1 Qe4+ 24. Ka1 Kg7 25. Rh7+ Kxg6 26. Qh6+ Kf5 27.
Rxf7 $18) 21. Rxg6+ Kf8 22. Qg3 $1 Ke7 (22... Re8 {Petursson} 23. Rg8+ Ke7 24.
Rxd7+ Kxd7 25. Qd3+ $18) 23. Rg7 $1 {and suddenly the game is over} Qxc4+ (
23... Raf8 {Petursson} 24. Ng6+ Ke8 25. Nxf8 Qxc4+ 26. Kb1 Nb4 27. Qg6 Qxa2+
28. Kc1 Qa1+ 29. Kd2 Qxb2+ 30. Ke1 $18) 24. Kb1 Raf8 25. Ng6+ Kd8 (25... Ke8 {
Petursson} 26. Nxf8 {transposes to the last given variation.}) 26. Nxf8 Nb4 27.
Qb8+ Qc8 28. Qxc8+ {The game actually finished 28... Bxc8 which is illegal but
in time trouble the game continued: 29.Rxf7 Ke8 30.Rxf6 Ke7 31.Rf4 e5 32.Rxb4
Kxf8 33.Rd8+ Kf7 34.Rxc8 a6 35.Rxb7+ The game actually finished 28... Bxc8
which is illegal but in time trouble the game continued: 29.Rxf7 Ke8 30.Rxf6
Ke7 31.Rf4 e5 32.Rxb4 Kxf8 33.Rd8+ Kf7 34.Rxc8 a6 35.Rxb7+} 1-0

[Event "Hangzhou (Women) 1st"]
[Site "Hangzhou"]
[Date "2011.07.20"]
[Round "6"]
[White "Harika, Dronavalli"]
[Black "Zhu, Chen"]
[Result "1-0"]
[WhiteElo "2513"]
[BlackElo "2522"]
[Annotator "Harika,D"]
[PlyCount "39"]
[EventDate "2011.07.14"]
[EventType "tourn"]
[EventRounds "9"]
[EventCountry "CHN"]
[EventCategory "11"]
[SourceTitle "CBM 144"]
[Source "ChessBase"]
[SourceDate "2011.09.16"]
[SourceVersion "1"]
[SourceVersionDate "2011.09.16"]
[SourceQuality "1"]

1. d4 d5 2. c4 e6 3. Nc3 c6 {Zhu Chen plays many openings & variations, but I
expected that she might play this variation (triangle) with me, as I have a
narrow repertoire in this particular line.} 4. e4 {I had just played one game
before in this gambit line and that was a long time back. So I was sure this
would surprise her as I rarely played this move order. This pawn sacrifice
gambit line is double edged and needs thorough knowledge for both sides.} dxe4
5. Nxe4 Bb4+ 6. Bd2 Qxd4 7. Bxb4 Qxe4+ 8. Be2 Na6 9. Ba5 b6 (9... f6) ({and} 
9... Bd7 {are other alternatives.}) 10. Qd6 Bd7 {I continued with the main
move:} 11. Bc3 ({Previously Zhu Chen had played a blitz game against Irina
Krush and it continued} 11. O-O-O O-O-O 12. Bc3 f6 13. b4 Nh6 14. Bd3 Qxg2 15.
c5 b5 16. Ne2 e5 17. Rhg1 Qxf2 18. Rxg7 Nf5 19. Bxf5 Qxf5 20. Ng3 Qe6 21. Ne4
Nc7 22. Nxf6 Qc4 23. Kb2 Nd5 24. Nxd5 cxd5 25. Rxd5 Rhf8 26. Rxd7 Rf2+ 27. Rd2
Rxd2+ 28. Bxd2 Rxd7 29. Qc6+ Rc7 30. Qe8+ Kb7 31. Qxe5 Qd3 32. Bf4 Rd7 33. Qb8+
Kc6 34. Qa8+ Rb7 35. Qc8+ {1-0 Krush,I (2490)-Zhu Chen (2480)/Moscow RUS 2010/
The Week in Chess 827}) 11... f6 12. Nf3 {So far my opponent had used few
minutes. But from this point on she started spending a lot of time on her
moves. I feel it can be difficult to play this position over the board.} Ne7 {
This has been played mainly.} ({But there are other interesting options for
Black -} 12... O-O-O) ({or} 12... Rd8) ({and} 12... Nh6 {has got good results
recently.}) 13. O-O-O {I was happy when she entered this variation, because
she needed to find the forced moves to defend this position and even in the
final position White will get very easy play.} Qxe2 14. Qxd7+ Kf7 15. Rhe1 Qxc4
16. Re3 {All this while I played fast and tried to put on the pressure
psychologically.} Rhe8 17. b3 Qg4 $8 {Here I got a bit worried; was it that
she really didn't know the position or was she taking time to recollect her
analysis.} ({Because the direct} 17... Qf4 {loses to} 18. Rd4 Qh6 19. Qxe6+ Kf8
20. Rh4 Nc5 21. Qh3 $16) 18. h3 Qg6 $4 {Finally I felt the relief after my
opponent's blunder :)} (18... Qf4 $8 19. Rd4 Qh6 20. Qxe6+ Kf8 21. Qd6 {
Though it looks equal, I feel White has much easier play and especially if the
opponent is not prepared :)}) 19. Qxe6+ Kf8 20. Ne5 $18 {This game will be
memorable for me because it is my shortest win over a top rated player.} 1-0

[Event "Biel"]
[Site "Biel"]
[Date "1994.??.??"]
[Round "6"]
[White "Hoffman, Alejandro"]
[Black "Pelletier, Yannick"]
[Result "1-0"]
[WhiteElo "2500"]
[BlackElo "2350"]
[Annotator "Hecht,H"]
[PlyCount "115"]
[EventDate "1994.07.??"]
[EventType "tourn"]
[EventRounds "11"]
[EventCountry "SUI"]
[EventCategory "10"]
[SourceTitle "CBM 043"]
[Source "ChessBase"]
[SourceDate "1994.12.01"]
[SourceVersion "1"]
[SourceVersionDate "1994.12.01"]
[SourceQuality "1"]

1. d4 d5 2. c4 e6 3. Nc3 c6 4. cxd5 exd5 5. Bf4 Nf6 6. e3 Bf5 7. Bd3 Bxd3 8.
Qxd3 Bd6 9. Nge2 O-O 10. O-O Re8 11. f3 Bxf4 12. Nxf4 Nbd7 13. Rad1 Qe7 14.
Rfe1 Rad8 15. Qc2 Qd6 16. g3 Qb4 17. a3 Qb6 18. b4 Nf8 19. Na4 Qc7 20. Nc5 Ne6
21. Nfxe6 fxe6 22. Nd3 Re7 23. Rb1 a6 24. a4 Ra8 25. Rec1 Ne8 26. Ne5 Qd8 27.
b5 cxb5 28. axb5 Rc7 29. Qa4 axb5 30. Qxb5 Nd6 31. Qb4 Ra2 32. Rxc7 Qxc7 33.
Qc5 Qxc5 34. dxc5 Nc4 35. Nxc4 dxc4 36. Rc1 Ra4 37. Kf2 Ra2+ 38. Kg1 Ra4 39. f4
Kf7 40. Kf2 Rb4 41. Kf3 Ke7 42. Ke4 Kd7 43. Kd4 Kc6 44. Rxc4 Rb2 45. h4 Rd2+
46. Ke5 Rg2 47. e4 Rxg3 48. Rb4 Rg6 49. Rb6+ Kxc5 50. Rxb7 h5 51. Rc7+ Kb4 52.
Re7 Rg4 53. Rxe6 Rxh4 54. Rg6 Rg4 55. Rxg4 hxg4 {[#]} 56. Kd4 Kb5 57. Ke3 Kc5
58. Kf2 (58. Kf2 Kd4 59. e5 Kd5 60. Kg3 g5 (60... Ke6 61. Kxg4 g6 62. Kg5 Kf7
63. Kh6 $18) 61. fxg5 Kxe5 62. Kxg4 Ke6 63. Kh5 Kf7 64. Kh6 Kg8 65. Kg6 $18)
1-0

[Event "EU-ch 1st"]
[Site "Saint Vincent"]
[Date "2000.07.03"]
[Round "1"]
[White "Everet, Alexander"]
[Black "Malakhov, Vladimir"]
[Result "0-1"]
[WhiteElo "2348"]
[BlackElo "2605"]
[Annotator "Hecht,H"]
[PlyCount "134"]
[EventDate "2000.07.03"]
[EventType "swiss"]
[EventRounds "11"]
[EventCountry "ITA"]
[SourceTitle "CBM 078"]
[Source "ChessBase"]
[SourceDate "2000.10.18"]
[SourceVersion "1"]
[SourceVersionDate "2000.10.18"]
[SourceQuality "1"]

1. d4 d5 2. c4 e6 3. Nc3 c6 4. cxd5 exd5 5. Bf4 Bf5 6. e3 Qb6 7. Qd2 Nf6 8.
Nge2 Nbd7 9. Ng3 Bg6 10. Be2 Be7 11. O-O O-O 12. a3 a5 13. Bd3 Bxd3 14. Qxd3 g6
15. Rfc1 a4 16. Qc2 Qa7 17. b4 axb3 18. Qxb3 b5 19. a4 b4 20. Nd1 c5 21. dxc5
Nxc5 22. Qb1 Qa5 23. Ne2 Nfe4 24. Nd4 b3 25. Nb2 Bf6 26. Re1 Qb4 27. Nd3 Nxd3
28. Qxd3 b2 29. Rab1 Rxa4 30. f3 Nc5 31. Qc2 Ra1 32. Bg3 Ne6 33. Nc6 Qc3 34.
Qxc3 Bxc3 35. Be5 Bxe5 36. Nxe5 Rxb1 37. Rxb1 Rb8 38. Kf2 Nc5 39. Ke2 Rb3 40.
Ng4 Kg7 41. Nf2 Kf6 42. Nd1 Na4 43. Kd2 Ke5 44. Kc2 Ra3 45. Nxb2 Nxb2 46. Rxb2
Rxe3 47. Kd2 Ra3 48. Ke2 {[#] Der zentrale Freibauer kann vom König gedeckt
werden. Schwarz spielt auf Raumgewinn am Königsflügel, was Weiß nicht
unterbindet.} (48. Rb7 Ra2+ 49. Ke3 Rxg2 $19) 48... h5 49. g3 (49. h4 $142)
49... f5 50. Rd2 {zu passiv, was Schwarz zu weiterem Raumgewinn nutzt. Die
Bauchlage ist zwar manchmal vonnöten und auch die einzige Verteidigung,
Aktivität zur rechten Zeit beschäftigt und verunsichert aber auch den Gegner!}
(50. h4 $5 f4 51. gxf4+ Kxf4 52. Rb6 Re3+ 53. Kd2 Rxf3 54. Rxg6 Ke4 55. Re6+
Kd4 56. Rh6 Rf5 57. Rh8 Ke4 58. Ke2 Re5 (58... Kf4 59. Rg8 $17) 59. Rf8 $17 {
aber Weiß kann noch kämpfen.}) 50... g5 51. Kf2 d4 52. Rb2 Ra5 53. Ke2 f4 54.
Rb8 (54. Kf2 d3 55. gxf4+ gxf4 56. Ke1 (56. Rb4 Ra2+ $19) 56... Kd4 57. Kd2 Ra4
58. h4 Rc4 59. Rb8 Rc2+ 60. Kd1 Rh2 $19) (54. gxf4+ Kxf4 55. Kd3 Kxf3 56. Kxd4
g4 57. Rb3+ (57. Rc2 h4 $19) 57... Kg2 58. Rb2+ Kh3 59. Ke4 h4 $19) 54... Ra2+
55. Kd3 Ra3+ 56. Ke2 Re3+ 57. Kf2 Kd5 58. gxf4 gxf4 59. h4 d3 60. Rd8+ Kc4 61.
Rc8+ Kb3 62. Rb8+ Kc2 63. Rc8+ Kd2 64. Rc5 Re2+ 65. Kf1 Ke3 66. Rxh5 d2 67.
Re5+ Kxf3 0-1